| 000 | 01537cab a2200241 4500 | ||
|---|---|---|---|
| 001 | ##L133243 | ||
| 008 | 060424n2006 000 0 eng u | ||
| 035 | _a(Sirsi) u133243 | ||
| 041 | 0 | _aeng | |
| 100 | 1 | _aSurgenor, Valerie | |
| 245 | 0 | 0 |
_aWe've paid for it _bwhat do you mean it's not ours? |
| 260 | _c2006 | ||
| 490 | 0 |
_aJournal of the Law Society of Scotland _v51(4) April 2006, 33-34(2) |
|
| 520 | _aExplains that commissioning a website without paying due attention to the intellectual property rights relating to its design is fraught with pitfalls. Companies can find that it is the web developer who owns the copyright on their websites and not them. Discusses the concepts of authorship and ownership in this situation, the very limited intellectual property rights a company actually has and the different licence agreements for bespoke and off-the-shelf software. Recommends having a detailed licence agreement between the company and the developer in place before any work is carried out, thus ensuring the company's rights in the software from the beginning. | ||
| 590 | _aIKA250406 | ||
| 650 | 2 | 4 | _aCLEARSPRINGS MANAGEMENT LTD V BUSINESSLINX LTD |
| 650 | 2 | 4 | _aSAPHENA COMPUTING LTD V ALLIED COLLECTION AGENCIES LTD |
| 650 | 2 | 4 | _aCOPYRIGHT, DESIGNS AND PATENTS ACT 1988 S50A |
| 650 | 2 | 4 | _aCOPYRIGHT, DESIGNS AND PATENTS ACT 1988 S50B |
| 650 | 2 | 4 | _aCOPYRIGHT, DESIGNS AND PATENTS ACT 1988 S296A |
| 690 | _aMANAGEMENT-BUSINESS MANAGEMENT-INFORMATION MANAGEMENT-BUSINESS COMMUNICATION MANAGEMENT | ||
| 942 | _n0 | ||
| 999 |
_c76884 _d76884 |
||